000 00452nam a22001577a 4500
005 20251108175529.0
008 250721s2006 xx 000 0 eng d
082 1 4 _aJ/F/ISA
100 1 _aisadora, rachel
245 1 0 _awhat a family ! a fresh look at family trees /
264 1 _anew york :
_bG.p putnam's sons,
_c2006.
650 1 7 _aFiction
653 _aأطفال مرحلة متوسطة (6-9) سنوات
942 _2ddc
_cBK
999 _c136278
_d136278